Comprehensive book of synonyms and antonyms (Record no. 7790)

MARC details
000 -LEADER
fixed length control field 00496cam a2200205ua 4500
001 - CONTROL NUMBER
control field 8698
005 - DATE AND TIME OF LATEST TRANSACTION
control field 20260515114352.0
008 - FIXED-LENGTH DATA ELEMENTS--GENERAL INFORMATION
fixed length control field 150212n ii |||gr||||Z||||||eng
020 ## - INTERNATIONAL STANDARD BOOK NUMBER
International Standard Book Number 8178134829
040 ## - CATALOGING SOURCE
Transcribing agency MAIN
041 ## - LANGUAGE CODE
Language code of text/sound track or separate title eng
082 ## - DEWEY DECIMAL CLASSIFICATION NUMBER
Classification number 413.1
100 ## - MAIN ENTRY--PERSONAL NAME
Personal name Aggarwal, B. N.,
Relator term Author.
245 1# - TITLE STATEMENT
Title Comprehensive book of synonyms and antonyms
Statement of responsibility, etc. By B. N. Aggarwal
250 ## - EDITION STATEMENT
Edition statement 1st.
260 ## - PUBLICATION, DISTRIBUTION, ETC.
Place of publication, distribution, etc. New Delhi:
Name of publisher, distributor, etc. Sunrise,
Date of publication, distribution, etc. 2010.
300 ## - PHYSICAL DESCRIPTION
Extent 672p.
653 ## - INDEX TERM--UNCONTROLLED
Uncontrolled term Dictionaries
942 ## - ADDED ENTRY ELEMENTS (KOHA)
Koha item type Books
Holdings
Withdrawn status Lost status Damaged status Not for loan Home library Current library Shelving location Date acquired Total checkouts Full call number Barcode Date last seen Date last checked out Copy number Price effective from Koha item type
        Naharkatiya College Library Naharkatiya College Library General stacks 09/19/2020 1 413.1 | AGG 21707 04/09/2025 04/08/2025 1 09/19/2020 Books